| 000 | 00707pam a2200253 4500 | ||
|---|---|---|---|
| 999 |
_c1622 _d1622 |
||
| 001 | 4559203 | ||
| 003 | OSt | ||
| 005 | 20180918162724.0 | ||
| 008 | 730212s1973 nju b 000 0 eng | ||
| 010 | _a 73002732 | ||
| 020 | _a0800705882 | ||
| 040 |
_aDLC _cDLC _dDLC |
||
| 050 | 0 | 0 |
_aBV600.2 _b.C43 |
| 082 | 0 | 0 |
_a262.001 _bC5434W |
| 100 | 1 | _aChitwood, Billy J. | |
| 245 | 1 | 0 |
_aWhat the church needs now; _ba plan for renewal _c[by] B. J. Chitwood. |
| 260 |
_aOld Tappan, N.J., _bF. H. Revell Co. _c[1973] |
||
| 300 |
_a160 p. _c21 cm. |
||
| 350 | _a$4.95 | ||
| 504 | _aBibliography: p. 157-160. | ||
| 650 | 0 | _aChurch renewal. | |
| 906 |
_a7 _bcbc _corignew _d1 _eocip _f19 _gy-gencatlg |
||
| 942 |
_2ddc _cBK |
||